banner-ar

AMONG ISLAMIC MONUMENTS / (Record no. 11819)

MARC details
000 -الفاتح
حقل البيانات ثابتة الطول 00514nam a2200193Ia 4500
005 - وقت وتاريخ اخر تعامل مع التسجيلة
رقم الضبط 20240530095907.0
008 - عناصر البيانات ثابتة الطول - معلومات عامة
حقل البيانات ثابتة الطول 140319s9999 xx 000 0 aRus d
040 ## - مصدر الفهرسة
وكالة الفهرسة الأصلية GCL /
وكالة النسخ GCL
082 04 - رقم تصنيف ديوى العشرى
رقم التصنيف 726.2
رقم المادة A A/CC
100 1# - المدخل الرئيسى - إسم شخصى
الإسم الشخصى ABDEL WAHAB, HASSAN
245 10 - بيان العنوان
العنوان AMONG ISLAMIC MONUMENTS /
بيان المسئوليه,etc ABDEL WAHAB, HASSAN
260 ## - PUBLICATION, DISTRIBUTION, ETC. (IMPRINT)
تاريخ النشر أو التوزيع 1947
300 ## - الوصف المادى
التعداد 29 P ;
أبعاد الوعاء 16 CM
650 04 - المدخل الاضافى بالموضوع-مصطلح موضوعى
مصطلح موضوعي ARCHITECTURE
650 04 - المدخل الاضافى بالموضوع-مصطلح موضوعى
مصطلح موضوعي ISLAM - ARCHETICTURE
650 04 - المدخل الاضافى بالموضوع-مصطلح موضوعى
مصطلح موضوعي ISLAMIC SCHOOL
942 ## - عناصر المدخل الإضافي( كوها)
مصدر التصنيف او مخطط الترفيف Dewey Decimal Classification
Koha [default] item type كتاب
260 ## - PUBLICATION, DISTRIBUTION, ETC. (IMPRINT)
-- CAIRO:
-- IMPRIMERIE MISR ،
Holdings
حالة التراجع حالة الفقد حالة تلف ليس للاعارة المكان المؤقت الموقع الحالى تاريخ الاكتساب اجمالي اﻻعارات رقم الطلب الباركود تاريخ اخر مشاهدة تاريخ تفعيل السعر نوع وعاء كوها
        مكتبة القاهرة الكبرى مكتبة القاهرة الكبرى 03/26/2014   726.2 AA/CC 23247 03/26/2014 03/26/2014 كتاب

Powered By

EGPV